000 00206nam a2200097Ia 4500
008 240331s9999 xx 000 0 und d
082 _bLOW
100 _a Lowers,J, K
245 0 _aCandide :
_bnotes
942 _cL
999 _c3188
_d3188